000 00676cab a2200181 4500
001 X84980
008 090401t1997 xxu||||| |||| 00| 0 eng d
035 _a(Sirsi) u79398
041 _aeng
245 _aCopeland BC v Hayton Builders Limited abd another
260 _c1997
350 _a0
490 _aConstruction Law Journal
_v[1997] 13 Const.L.J. 253-263(11)
520 _aORB 8 October 1996. Practice and procedure - application to amend pleading to raise new defence - application made during lengthy period of adjournement following first tranche of trail - refusal of leave.
690 _aBUILDING AND CONSTRUCTION-CASE LAW
942 _n0
948 _c02/07/1997
999 _c49906
_d49906